Normal view
MARC view
Entry Topical Term
001 - CONTROL NUMBER
- control field: 35653
003 - CONTROL NUMBER IDENTIFIER
- control field: OSt
005 - DATE AND TIME OF LATEST TRANSACTION
- control field: 20230217164346.0
008 - FIXED-LENGTH DATA ELEMENTS
- fixed length control field: 230217|| aca||aabn | a|a d
040 ## - CATALOGING SOURCE
- Original cataloging agency: OSt
- Transcribing agency: OSt
150 ## - HEADING--TOPICAL TERM
- Topical term or geographic name entry element: Value creation, Collaboration, Public procurement of innovation, Start-ups, Local government.
670 ## - SOURCE DATA FOUND
- Source citation: Work cat.: (OSt): Talebi, A. Davar, R. and Bragues, G. 35652, Value creation in public procurement of innovation: A case of engaging start-ups by a local government
